00341nam a2200109Ia 4500008004100000020002200041041001200063100004500075245005800120260003200178650002100210231221s9999 xx 000 0 und d a978-0-387-36842-9 aEnglish aCarlos Cid, Sean Murphy, Matthew Robshaw 0aAlgebraic Aspects of the Advanced Encryption Standard c2006bSpringer USaNew York aComputer Science